States of the USA by First Three Letters in 30 Seconds - Statistics

General Stats
  • This quiz has been taken 278 times
  • The average score is 21 of 50
Answers on the Map
Answers color-coded by a green-red scale on the quiz's map according to % correct below.
 
Answer Stats
Answer % Correct
Alabama
74%
Alaska
74%
California
71%
Washington
67%
North Carolina
66%
North Dakota
66%
New Hampshire
64%
New Jersey
64%
New Mexico
64%
New York
64%
South Carolina
61%
South Dakota
61%
Texas
60%
Arizona
59%
Idaho
53%
Montana
52%
Florida
51%
Oregon
51%
Colorado
50%
Nevada
45%
Hawaii
44%
Utah
43%
Maine
41%
Kansas
39%
Minnesota
39%
Wyoming
38%
Michigan
36%
Nebraska
36%
Illinois
34%
Iowa
34%
Mississippi
31%
Missouri
31%
Massachusetts
30%
Ohio
30%
Wisconsin
30%
Arkansas
29%
Indiana
29%
Georgia
27%
Kentucky
24%
Connecticut
23%
Louisiana
22%
Oklahoma
22%
Pennsylvania
21%
Virginia
21%
West Virginia
21%
Maryland
18%
Vermont
17%
Delaware
16%
Tennessee
13%
Rhode Island
11%
No matching quizzes found
Score Distribution
Percent of People with Each Score
Percentile by Number Answered
Your Score History
You have not taken this quiz